Delirium tremens / (Record no. 105374)

MARC details
000 -CABECERA
campo de control de longitud fija 00648nam a2200217 a 4500
005 - FECHA Y HORA DE LA ÚLTIMA TRANSACCIÓN
campo de control 20210223125349.0
008 - ELEMENTOS DE LONGITUD FIJA--INFORMACIÓN GENERAL
campo de control de longitud fija 040429s2003 mx r 000 0 spa d
020 ## - NÚMERO INTERNACIONAL NORMALIZADO PARA LIBROS
Número Internacional Estándar del Libro 9707310170
035 ## - NÚMERO DE CONTROL DEL SISTEMA
Número de control de sistema UPN01000133222
049 ## - COLECCIÓN
Colección CG
050 #4 - SIGNATURA TOPOGRÁFICA DE LA BIBLIOTECA DEL CONGRESO
Número de clasificación RC526
Número de documento/Ítem S6.3
100 1# - ASIENTO PRINCIPAL--NOMBRE PERSONAL
Nombre de persona Solares, Ignacio,
Fechas asociadas al nombre 1945-
9 (RLIN) 30500
245 10 - MENCIÓN DE TÍTULO
Título Delirium tremens /
Mención de responsabilidad, etc. Ignacio Solares.
260 ## - PUBLICACIÓN, DISTRIBUCIÓN, ETC.
Lugar de publicación, distribución, etc. México :
Nombre del editor, distribuidor, etc. Suma de Letras,
Fecha de publicación, distribución, etc. 2003.
300 ## - DESCRIPCIÓN FÍSICA
Extensión 237 p.
440 #0 - MENCIÓN DE SERIE/ASIENTO SECUNDARIO--TÍTULO
Título Punto de lectura ;
Designación de volumen o secuencia 417.2
500 ## - NOTA GENERAL
Nota general "El infierno que desata el alcoholismo"
650 #4 - ASIENTO SECUNDARIO DE MATERIA - TERMINO TEMATICO
Término de materia o nombre geográfico como elemento de entrada DELIRIUM TREMENS -
Subdivisión general PACIENTES -
Subdivisión geográfica MEXICO -
Subdivisión de forma BIOGRAFIA
9 (RLIN) 13921
650 #4 - ASIENTO SECUNDARIO DE MATERIA - TERMINO TEMATICO
Término de materia o nombre geográfico como elemento de entrada ALCOHOLICOS
9 (RLIN) 2117
905 ## - TIPO DE MATERIAL
Tipo de material Libro
Holdings
Estado de retiro Estado de pérdida Fuente del sistema de clasificación o colocación Estado dañado No para préstamo Código de colección Localización permanente Ubicación/localización actual Ubicación en estantería Total de préstamos Clasificación Código de barras Fecha visto por última vez Número de copia Tipo de ítem Koha
    Library of Congress Classification     Colección General Bib. Gregorio Torres Quintero Bib. Gregorio Torres Quintero Planta baja 8 RC526 S6.3 223325 31/12/2020 1 Libro